000 00393nam a2200181Ia 4500
001 3003
005 20260306144848.0
008 260306t2007||||xx |||||||||||||| ||spa||
041 _aESP
082 _a240.4
_bD284
100 _aDulles
_eAUT
245 0 _aMagisterium
260 _c2007
300 _a209 páginas :
_c23 cm.
650 _aGEN
654 _aCHU
942 _cLIB
_dJUS
_fJUS
_2ddc
_n
999 _c3003
_d3003